| 000 | 00586nam a2200181Ia 4500 | ||
|---|---|---|---|
| 008 | 100315s9999 xx 000 0 und d | ||
| 082 |
_b136 _a338.5 |
||
| 100 | _a"COLBERG, MARSHALL R. FORBUSH, DASCOMB R. WHITAKER, GILBERT R. " | ||
| 245 | _aBUSINESS ECONOMICS: PRINCIPLES AND CASES | ||
| 260 |
_aCHARD D.IRWIN _bRICHARD D.IRWIN _c1970 |
||
| 300 | _a"XI,601P " | ||
| 365 |
_eAus.Sch. _d1 _b100.00 |
||
| 366 | _f0 | ||
| 530 | _b- | ||
| 630 | _aBUSINESS ECONOMICS: PRINCIPLES AND CASES | ||
| 730 | _aBUSINESS ECONOMICS: PRINCIPLES AND CASES | ||
| 942 | _cBOOK | ||
| 999 |
_c474871 _d474868 |
||